[Event "Karl Mala Memorial op 09th"]
[Site "Frankfurt"]
[Date "2005.07.30"]
[Round "4"]
[White "Becher, Anne"]
[Black "Seifert, Christopher"]
[Result "0-1"]
[WhiteElo "1512"]
[BlackElo "1973"]
[PlyCount "74"]
[EventDate "2005.07.28"]
[EventType "swiss"]
[EventRounds "7"]
[EventCountry "GER"]
[SourceTitle "EXT 2006"]
[Source "ChessBase"]
[SourceDate "2005.11.24"]
[SourceVersion "1"]
[SourceVersionDate "2005.11.24"]
[SourceQuality "1"]

1. d4 Nf6 2. c4 e6 3. Nc3 Bb4 4. Nf3 c5 5. Bg5 Qa5 6. Bd2 cxd4 7. Nxd4 Nc6 8. Nxc6 bxc6 9. a3 Bxc3 10. Bxc3 Qg5 11. g3 Ne4 12. Bd2 Qc5 13. e3 Qf5 14. f4 Ba6 15. Bd3 0-0 16. g4 Qg6 17. h4 f5 18. Bxe4 fxe4 19. h5 Qf7 20. Qc2 d5 21. cxd5 cxd5 22. Bc3 Rfc8 23. Qg2 Qb7 24. f5 Qb3 25. Rc1 e5 26. Qf2 Qc4 27. Rd1 Re8 28. Rh2 Rac8 29. g5 Rc7 30. Rg2 Rd7 31. f6 Rf7 32. Rg1 Re6 33. Qh2 h6 34. gxh6 Rexf6 35. Rxg7+ Rxg7 36. hxg7 Rf1+ 37. Kd2 Qd3+ 0-1

[Event "Karl Mala Memorial op 09th"]
[Site "Frankfurt"]
[Date "2005.07.29"]
[Round "2"]
[White "Becher, Anne"]
[Black "Becker, Maja"]
[Result "0-1"]
[WhiteElo "1512"]
[BlackElo "2015"]
[PlyCount "52"]
[EventDate "2005.07.28"]
[EventType "swiss"]
[EventRounds "7"]
[EventCountry "GER"]
[SourceTitle "EXT 2006"]
[Source "ChessBase"]
[SourceDate "2005.11.24"]
[SourceVersion "1"]
[SourceVersionDate "2005.11.24"]
[SourceQuality "1"]

1. d4 f5 2. c4 Nf6 3. Nc3 e6 4. Bg5 h6 5. Bxf6 Qxf6 6. Nf3 b6 7. e3 Bb7 8. Bd3 Nc6 9. a3 a6 10. b4 g5 11. Qc2 Bg7 12. h3 h5 13. 0-0-0 g4 14. hxg4 hxg4 15. Rxh8+ Bxh8 16. Nd2 Nxd4 17. exd4 Qxd4 18. Ne2 Qxf2 19. Rf1 Qxg2 20. Nf4 Qg3 21. Ne2 Qe3 22. Nc3 0-0-0 23. Nd1 Qg5 24. Kb1 g3 25. Bxf5 g2 26. Rg1 exf5 0-1

[Event "GER-ch U14 Girls"]
[Site "Willingen"]
[Date "2005.05.15"]
[Round "3"]
[White "Becher, Anne"]
[Black "Lorenz, Nicole"]
[Result "1/2-1/2"]
[WhiteElo "1454"]
[BlackElo "1761"]
[PlyCount "109"]
[EventDate "2005.05.14"]
[EventType "swiss"]
[EventRounds "9"]
[EventCountry "GER"]
[SourceTitle "CBM 106 Extra"]
[Source "ChessBase"]
[SourceDate "2005.07.01"]
[SourceVersion "1"]
[SourceVersionDate "2005.07.01"]
[SourceQuality "1"]

1. d4 Nf6 2. e3 e6 3. Bd3 c5 4. c3 b6 5. f4 Bb7 6. Nf3 Be7 7. Nbd2 d5 8. 0-0 Ng4 9. Qe2 f5 10. Ne5 Nxe5 11. fxe5 c4 12. Bc2 0-0 13. b3 b5 14. Rb1 Qa5 15. bxc4 Qxc3 16. Rxb5 Ba6 17. Rb2 Ba3 18. Rb3 Qxc2 19. Rxa3 Bxc4 20. Qd1 Qxd1 21. Rxd1 Bb5 22. Rc3 Nd7 23. Ba3 Rfc8 24. Rdc1 Nb6 25. Kf2 Rxc3 26. Rxc3 Nc4 27. Nxc4 Bxc4 28. Bc5 a6 29. a3 Rb8 30. Bb4 Kf7 31. Kf3 Kg6 32. g4 fxg4+ 33. Kxg4 h5+ 34. Kf4 Rb7 35. Rc2 Rf7+ 36. Kg3 Kh6 37. h4 g5 38. hxg5+ Kxg5 39. Rg2 h4+ 40. Kh3+ Kh5 41. Rg8 Bf1+ 42. Kh2 h3 43. Rh8+ Kg6 44. Rg8+ Kf5 45. Rf8 Kg6 46. Rxf7 Kxf7 47. Bd6 Ke8 48. Bc5 Kd7 49. Bd6 Kc6 50. Bc5 Kb5 51. Bd6 Kc4 52. Bc5 Kd3 53. Bd6 Kxe3 54. Bc5 Kd3 55. Bb6 1/2-1/2

[Event "GER-ch U14 Girls"]
[Site "Willingen"]
[Date "2005.05.15"]
[Round "1"]
[White "Zier, Verena"]
[Black "Becher, Anne"]
[Result "0-1"]
[WhiteElo "1844"]
[BlackElo "1454"]
[PlyCount "122"]
[EventDate "2005.05.14"]
[EventType "swiss"]
[EventRounds "9"]
[EventCountry "GER"]
[SourceTitle "CBM 106 Extra"]
[Source "ChessBase"]
[SourceDate "2005.07.01"]
[SourceVersion "1"]
[SourceVersionDate "2005.07.01"]
[SourceQuality "1"]

1. d4 Nf6 2. c4 g6 3. Nc3 Bg7 4. g3 0-0 5. Bg2 d6 6. Nf3 Nbd7 7. 0-0 c5 8. e3 a6 9. b3 Rb8 10. Bb2 b5 11. Rb1 Qc7 12. d5 b4 13. Ne2 a5 14. Ng5 Nb6 15. Re1 a4 16. Nc1 h6 17. Ne4 Bf5 18. Nxf6+ exf6 19. e4 Bd7 20. Nd3 Rfe8 21. Qd2 Re7 22. Qf4 Rbe8 23. Bxf6 g5 24. Qf3 Bg4 25. Qxg4 Bxf6 26. h4 Qd7 27. Qxd7 Rxd7 28. hxg5 hxg5 29. f4 Bd4+ 30. Kf1 f6 31. Nc1 a3 32. Bh3 Rh7 33. Bg2 gxf4 34. gxf4 Rh4 35. Nd3 Kf7 36. Rbc1 Nd7 37. Rc2 Rg8 38. Ree2 Rg3 39. Rcd2 Be3 40. Rd1 Bxf4 41. Nxf4 Rxf4+ 42. Rf2 Rxf2+ 43. Kxf2 Rc3 44. Rd2 Ne5 45. Ke2 Ng6 46. Kd1 Nf4 47. Bf1 Re3 48. Bg2 Nxg2 49. Rxg2 Rxe4 50. Kd2 f5 51. Kd3 Kf6 52. Rg1 Rd4+ 53. Ke2 Rg4 54. Ra1 Ke5 55. Kf3 Re4 56. Rd1 f4 57. Rd2 Kf5 58. Rd1 Re3+ 59. Kf2 Ke4 60. Rd2 f3 61. Kf1 Rd3 0-1

[Event "GER-ch U12"]
[Site "Willingen"]
[Date "2004.06.02"]
[Round "8"]
[White "Hoffmann, Cara"]
[Black "Becher, Anne"]
[Result "0-1"]
[WhiteElo "922"]
[BlackElo "1259"]
[PlyCount "118"]
[EventDate "2004.06.??"]
[EventType "swiss"]
[EventRounds "11"]
[EventCountry "GER"]
[SourceTitle "EXT 2005"]
[Source "ChessBase"]
[SourceDate "2004.11.15"]
[SourceVersion "1"]
[SourceVersionDate "2004.11.15"]
[SourceQuality "1"]

1. e4 c5 2. Nf3 d6 3. d4 cxd4 4. Nxd4 Nf6 5. Nc3 g6 6. Be3 Bg7 7. f3 0-0 8. Bc4 Nc6 9. Qd2 Bd7 10. g4 Rc8 11. Bb3 Ne5 12. 0-0-0 Nc4 13. Bxc4 Rxc4 14. h4 h5 15. gxh5 Nxh5 16. Nde2 Qa5 17. Rdg1 Rfc8 18. Rg5 Qc7 19. Rxh5 gxh5 20. Rg1 Kh8 21. Bh6 Bf6 22. Bg7+ Bxg7 23. Qg5 Bg4 24. fxg4 f6 25. Qxh5+ Kg8 26. Qd5+ Kf8 27. g5 Qc6 28. Qe6 d5 29. Qxc6 R8xc6 30. exd5 Rc8 31. gxf6 Bxf6 32. h5 Rh4 33. Rf1 Kg7 34. Nb5 a6 35. Nbc3 Rxh5 36. Nf4 Re5 37. b3 Rxc3 38. Kd2 Rce3 39. Ne6+ Kf7 40. Nc5 Re2+ 41. Kd3 R5e3+ 42. Kc4 Rxc2+ 43. Kb4 b6 44. Nxa6 Re4+ 45. Kb5 Rxa2 46. Kxb6 Rd4 47. Nc7 Rb4+ 48. Kc6 Rxb3 49. Rc1 Ra4 50. Ne6 Rc3+ 51. Rxc3 Bxc3 52. Nc5 Rc4 53. Kb5 Rd4 54. Kc6 Bb4 55. Nd7 e6 56. dxe6+ Kxe6 57. Nb6 Ba5 58. Kb7 Bxb6 59. Kxb6 Rc4 0-1

[Event "GER-ch Lands U20"]
[Site "Kassel"]
[Date "2003.10.23"]
[Round "7.8"]
[White "Schmuklermann, Alexandra"]
[Black "Becher, Anne"]
[Result "0-1"]
[WhiteElo "846"]
[BlackElo "1355"]
[PlyCount "124"]
[EventDate "2003.10.19"]
[EventType "team"]
[EventRounds "7"]
[EventCountry "GER"]
[SourceTitle "EXT 2004"]
[Source "ChessBase"]
[SourceDate "2003.11.25"]
[SourceVersion "1"]
[SourceVersionDate "2003.11.25"]
[SourceQuality "1"]

1. e4 c5 2. Nf3 Nc6 3. Bb5 d6 4. d3 Bd7 5. Nc3 a6 6. Ba4 Nf6 7. 0-0 g6 8. Bg5 Bg7 9. Qd2 0-0 10. Bh6 b5 11. Bb3 b4 12. Nd5 e6 13. Nxf6+ Qxf6 14. Bxg7 Qxg7 15. Rab1 a5 16. a4 Rad8 17. Qf4 Bc8 18. Rfe1 e5 19. Qh4 Be6 20. Bxe6 fxe6 21. Ng5 Rf4 22. Qh3 Rdf8 23. Nxe6 Qf7 24. Nxf4 Qxf4 25. f3 Qg5 26. Qe6+ Kh8 27. Qxd6 Qf6 28. Qxf6+ Rxf6 29. c3 Rd6 30. Red1 Kg7 31. b3 bxc3 32. Rbc1 Nd4 33. Kf2 c2 34. Re1 Rb6 35. Ke3 Rxb3 36. Kd2 Ra3 37. Rxc2 Nxc2 38. Kxc2 Rxa4 39. Kb2 Kf7 40. Ra1 Rb4+ 41. Kc3 a4 42. h4 Ke6 43. g4 h5 44. gxh5 gxh5 45. Kc2 Kd6 46. Kc3 Kc6 47. Kc2 Kb5 48. Rb1 a3 49. Rb3 Ka4 50. Rxb4+ cxb4 51. Kb1 b3 52. Ka1 Kb4 53. Kb1 Kc3 54. Ka1 Kxd3 55. Kb1 Ke3 56. Kc1 Kxf3 57. Kb1 Kxe4 58. Kc1 Kd3 59. Kb1 e4 60. Kc1 e3 61. Kd1 a2 62. Kc1 a1Q# 0-1

[Event "GER-ch Lands U20"]
[Site "Kassel"]
[Date "2003.10.22"]
[Round "5.8"]
[White "Garny, Annica"]
[Black "Becher, Anne"]
[Result "0-1"]
[WhiteElo "1025"]
[BlackElo "1355"]
[PlyCount "96"]
[EventDate "2003.10.19"]
[EventType "team"]
[EventRounds "7"]
[EventCountry "GER"]
[SourceTitle "EXT 2004"]
[Source "ChessBase"]
[SourceDate "2003.11.25"]
[SourceVersion "1"]
[SourceVersionDate "2003.11.25"]
[SourceQuality "1"]

1. e4 e6 2. Nf3 Nc6 3. Nc3 g6 4. Bc4 Bg7 5. d4 Nge7 6. 0-0 0-0 7. d5 Ne5 8. Bf4 Nxc4 9. Rb1 d6 10. Qe2 Nb6 11. Rbd1 e5 12. Be3 Bd7 13. b3 a5 14. a4 Nbc8 15. Nb1 c6 16. Nh4 cxd5 17. exd5 Nf5 18. Nxf5 Bxf5 19. f4 Re8 20. h3 Bh6 21. g3 exf4 22. gxf4 Nb6 23. Kh2 Qh4 24. Qf3 Be4 25. Qg3 Qxg3+ 26. Kxg3 Nxd5 27. Rde1 Bxc2 28. Nd2 Rxe3+ 29. Rxe3 Nxe3 30. Rf3 Nf5+ 31. Kg4 Bd1 32. h4 Bxf3+ 33. Nxf3 Re8 34. Nd2 Re2 35. Nf1 Rf2 36. Ng3 Nxg3 37. Kxg3 Rxf4 38. Kh3 f5 39. Kg3 d5 40. b4 axb4 41. a5 b3 42. a6 bxa6 43. h5 b2 44. hxg6 Kg7 45. Kh3 b1Q 46. Kg3 Qd3+ 47. Kg2 Rc4 48. Kf2 Rc2+ 0-1

[Event "GER-ch Lands U20"]
[Site "Kassel"]
[Date "2003.10.20"]
[Round "3.8"]
[White "Demmler, Julia"]
[Black "Becher, Anne"]
[Result "0-1"]
[WhiteElo "1156"]
[BlackElo "1355"]
[PlyCount "80"]
[EventDate "2003.10.19"]
[EventType "team"]
[EventRounds "7"]
[EventCountry "GER"]
[SourceTitle "EXT 2004"]
[Source "ChessBase"]
[SourceDate "2003.11.25"]
[SourceVersion "1"]
[SourceVersionDate "2003.11.25"]
[SourceQuality "1"]

1. e4 c5 2. Nf3 Nc6 3. d4 d6 4. Be3 Qb6 5. b3 g6 6. c3 cxd4 7. cxd4 Qc7 8. Nc3 Bg7 9. Rc1 Qd8 10. Be2 Bd7 11. 0-0 Rc8 12. Qd2 e6 13. Rc2 Nge7 14. Rfc1 d5 15. e5 0-0 16. Na4 a6 17. Nc5 Rc7 18. a4 a5 19. Nd3 b6 20. b4 axb4 21. Nxb4 Qa8 22. Bb5 Rfc8 23. Bg5 Nf5 24. h3 h6 25. Bf4 Bf8 26. Nxc6 Bxc6 27. Qd3 Ne7 28. Bd2 Qa7 29. Bb4 Bxb5 30. axb5 Rxc2 31. Rxc2 Rxc2 32. Qxc2 Qa1+ 33. Be1 Nf5 34. g3 Nxd4 35. Kg2 Nxc2 36. Bd2 Nd4 37. Nxd4 Qxd4 38. Be3 Qe4+ 39. Kf1 Qd3+ 40. Kg2 Qxb5 0-1

[Event "GER-ch U12"]
[Site "Willingen"]
[Date "2003.06.11"]
[Round "8"]
[White "Becher, Anne"]
[Black "Eckoldt, Katja"]
[Result "0-1"]
[WhiteElo "1294"]
[BlackElo "979"]
[PlyCount "118"]
[EventDate "2003.06.08"]
[EventType "swiss"]
[EventRounds "11"]
[EventCountry "GER"]
[SourceTitle "CBM 094 Extra"]
[Source "ChessBase"]
[SourceDate "2003.07.09"]
[SourceVersion "2"]
[SourceVersionDate "2003.07.09"]
[SourceQuality "1"]

1. d4 d5 2. e4 dxe4 3. Nc3 Nf6 4. f3 exf3 5. Qxf3 e6 6. Be3 Be7 7. 0-0-0 c6 8. Bc4 0-0 9. Nge2 Qc7 10. h4 b5 11. Bb3 a5 12. a4 b4 13. Ne4 Nxe4 14. Qxe4 Bb7 15. Qd3 Rd8 16. Bf4 Qd7 17. g4 c5 18. dxc5 Qxd3 19. Rxd3 Rxd3 20. cxd3 Bxh1 21. d4 Bf3 22. Kd2 Bxe2 23. Kxe2 Bxh4 24. Bc2 Nd7 25. Be4 Rd8 26. c6 Nb6 27. c7 Rxd4 28. Ke3 Rxe4+ 29. Kxe4 Nc8 30. Kd4 Bf6+ 31. Kc5 Bxb2 32. Kc4 e5 33. Bg3 f6 34. Kb3 Bd4 35. Bh2 Bb6 36. Kc4 Bxc7 37. Kb3 Bb6 38. Kc4 Bd4 39. Kb3 Bc3 40. Kc4 e4 41. Bf4 Nb6+ 42. Kb3 Nd5 43. Bd6 e3 44. Kc4 e2 45. Kxd5 e1Q 46. Kc4 Qe4+ 47. Kb3 Qd5+ 48. Kc2 Qxd6 49. Kb3 Qd5+ 50. Kc2 Qa2+ 51. Kd3 Qd2+ 52. Kc4 Qd4+ 53. Kb5 b3 54. Ka6 Kf7 55. Kb5 Ke6 56. Ka6 Kd7 57. Kb5 Kc7 58. g5 fxg5 59. Ka6 Qb6# 0-1

[Event "GER-ch U12"]
[Site "Willingen"]
[Date "2003.06.09"]
[Round "3"]
[White "Moshtael, Wesal"]
[Black "Becher, Anne"]
[Result "1-0"]
[WhiteElo "1578"]
[BlackElo "1294"]
[PlyCount "93"]
[EventDate "2003.06.08"]
[EventType "swiss"]
[EventRounds "11"]
[EventCountry "GER"]
[SourceTitle "CBM 094 Extra"]
[Source "ChessBase"]
[SourceDate "2003.07.09"]
[SourceVersion "2"]
[SourceVersionDate "2003.07.09"]
[SourceQuality "1"]

1. Nf3 d5 2. c4 dxc4 3. Qa4+ Bd7 4. Qxc4 Nf6 5. g3 Nc6 6. Bg2 e6 7. 0-0 Qe7 8. d4 Qb4 9. Nbd2 Qxc4 10. Nxc4 Bd6 11. Nxd6+ cxd6 12. Bf4 d5 13. Bd6 Ne4 14. Ba3 b5 15. b3 b4 16. Bb2 Rc8 17. Rac1 0-0 18. Ne5 Nxe5 19. Bxe4 dxe4 20. dxe5 Rfd8 21. Rfd1 Bb5 22. Rxc8 Rxc8 23. Rd2 a5 24. h3 a4 25. bxa4 Bxa4 26. Rd4 g6 27. Rxe4 Rc2 28. Rxb4 Rxe2 29. Rxa4 Rxb2 30. Ra8+ Kg7 31. a4 Ra2 32. Kg2 f5 33. a5 Kf7 34. a6 Ke7 35. a7 Kd7 36. Rh8 Kc6 37. a8Q+ Rxa8 38. Rxa8 Kd5 39. f4 h5 40. Rg8 Ke4 41. Rxg6 h4 42. Rxe6 hxg3 43. Kxg3 Ke3 44. h4 Ke4 45. Ra6 Ke3 46. e6 Ke4 47. e7 1-0

[Event "GER-ch U10"]
[Site "Winterberg"]
[Date "2002.05.23"]
[Round "8"]
[White "Becher, Anne"]
[Black "Haeusler, Felix"]
[Result "0-1"]
[WhiteElo "863"]
[BlackElo "1256"]
[PlyCount "62"]
[EventDate "2002.05.19"]
[EventType "swiss"]
[EventRounds "11"]
[EventCountry "GER"]
[SourceTitle "CBM 088 Extra"]
[Source "ChessBase"]
[SourceDate "2002.07.01"]
[SourceVersion "2"]
[SourceVersionDate "2002.07.01"]
[SourceQuality "1"]

1. e4 e5 2. Nf3 Nc6 3. d4 exd4 4. Bc4 Nf6 5. e5 d5 6. Bb3 Ng4 7. Bf4 Bc5 8. h3 Nh6 9. Qe2 Nf5 10. Bg5 Be7 11. Bxe7 Nfxe7 12. c3 d3 13. Qxd3 Bf5 14. Qb5 Rb8 15. 0-0 0-0 16. Nd4 Nxe5 17. Nxf5 Nxf5 18. Re1 Re8 19. Nd2 Nh4 20. Rad1 Qg5 21. Bxd5 c6 22. Bxf7+ Kxf7 23. Qf1 Nef3+ 24. Nxf3 Nxf3+ 25. Kh1 Rxe1 26. Rxe1 Nxe1 27. Qxe1 Qf4 28. g3 Qf3+ 29. Kg1 Rd8 30. Qe5 Rd1+ 31. Kh2 Rh1# 0-1